00343nam a22001217a 450000500170000000800410001702000180005804000130007608200190008924500590010826000430016730000110021020170324110636.0170324b xxu||||| |||| 00| 0 eng d a9788184844238 cPK-LaUMT a613.0424bHEA- aHealth, gender and development /cedited by L. N. Dash aNew Delhi :bRegal Publications,c2015 a246 p.